000 00301nam a22001337a 4500
003 SGT
020 _a978-1-4462-1111-3
082 _a616.89
_bM13B
100 _aBARKER, MEG
245 _aMINDFUL COUNSELLING AND PSYCHOTHERAPY
260 _aLOS ANGELES
_bSAGE
_c2013
300 _a207
942 _2ddc
_cBK
999 _c18105
_d18105